Statystyki dla Państwa sąsiadujące z UE

Kliknij tutaj aby rozwiązać quiz!

Ogólne statystyki

  • Ten quiz został rozwiązany 242 razy
    (237 od ostatniego zresetowania)
  • Średni wynik to 16 z 21

Statystyki odpowiedzi

Sąsiadować z UE% Poprawnych
Rosja
98%
Turcja
93%
Ukraina
92%
Białoruś
90%
Norwegia
86%
Serbia
83%
Bośnia i Hercegowina
79%
Szwajcaria
79%
Albania
78%
Andora
77%
Liechtenstein
76%
Wielka Brytania
76%
Watykan
75%
San Marino
74%
Czarnogóra
73%
Mołdawia
72%
Monako
70%
Macedonia Północna
69%
Maroko
68%
Brazylia
46%
Surinam
41%

Rozkład punktacji

Percentyl według liczby udzielonych odpowiedzi

Procent ludzi z każdym wynikiem

Twoja historia wyników

Nie rozwiązałeś tego quizu od ostatniego zresetowania